000 00389nam a22001577a 4500
999 _c254060
_d254059
003 OSt
005 20180618154154.0
008 160526b xxu||||| |||| 00| 0 eng d
020 _a9780070965287
040 _cN/A
100 _aJerome .F. Ernest
245 _aBusiness mathematics
_bin Canada
250 _a6th ed
260 _aNew York
_bMc Graw -Hill Ryerson
_c2008
942 _2lcc
_cBK